Statistics for Rupauls Drag Race Season 8

Click here to take the quiz!

General Stats

  • This quiz has been taken 177 times
  • The average score is 10 of 12

Answer Stats

ContestantAnswer% Correct
WinnerBob the Drag Queen
100%
2nd PlaceKim Chi
98%
3rd PlaceNaomi Smalls
96%
6th PlaceThorgy Thor
95%
8th PlaceAcid Betty
90%
4th PlaceChi Chi DeVayne
86%
5th PlaceDerrick Barry
84%
10th PlaceCynthia Lee Fontaine
76%
11th PlaceDax ExclamationPoint
72%
7th PlaceRobbie Turner
71%
12th PlaceLaila McQueen
69%
9th PlaceNaysha Lopez
66%

Score Distribution

Percentile by Number Answered

Percent of People with Each Score

Your Score History

You have not taken this quiz